ბათუმის შოთა რუსთაველის სახელმწიფო უნივერსიტეტის ბიბლიოთეკა

ნორმალური და პათოლოგიური ბიოქიმია სტომატოლოგებისათვის : (ბიბ.ჩანაწერი № 37538)

000 -ლიდერი
ფიქსირებული სიგრძის საკონტროლო ველი 01311nam a2200253Ia 4500
001 - საკონტროლო ნომერი
საკონტროლო ველი 3503
003 - საკონტროლო ნომრის იდენტიფიკატორი
საკონტროლო ველი GE_BSU
005 - ბოლო ოპერაციის თარიღი და დრო
საკონტროლო ველი 20190619152756.0
008 - ფიქსირებული სიგრძის მონაცემთა ელემენტები - ზოგადი ინფორმაცია
ფიქსირებული სიგრძის საკონტროლო ველი 181216s2005||||ge |||||||||||||| ||geo||
020 ## - წიგნის საერთაშორისო სტანდარტული ნომერი
International Standard Book Number 9994006207
040 ## - კატალოგიზაციის წყარო
Transcribing agency GE_BSU
041 ## - ენის კოდი
Language code of text/sound track or separate title geo
080 ## - უნივერსალური ათობითი კლასიფიკაციის ინდექსი
Universal Decimal Classification number 616.31(075.8) ა–47
100 ## - მთავარი ჩანაწერი - პიროვნების სახელი
Personal name ალექსიძე, ნუგზარ
9 (RLIN) 2610
245 ## - ცნობა სათაურის შესახებ
Title ნორმალური და პათოლოგიური ბიოქიმია სტომატოლოგებისათვის :
Remainder of title სახელმძღვ. /
Statement of responsibility, etc რედ.: გ. მენაბდე, ვ. მარგველაშვილი.
264 ## - წარმოების, გამოცემის, დისტრიბუციის და სხვა ცნობები
გამოცემის, წარმოების, დისტრიბუციის... ადგილი თბილისი :
გამოცემის, წარმოების, დისტრიბუციის... სახელწოდება "ინოვაცია",
გამოცემის, წარმოების, დისტრიბუციის... თარიღი 2005.
300 ## - ფიზიკური აღწერა
Extent 397გვ.:
Other physical details სურ. ;
Dimensions 29 სმ.
504 ## - BIBLIOGRAPHY, ETC. NOTE
Bibliography, etc ბიბლიოგრ.: გვ. 386.
653 ## - INDEX TERM--UNCONTROLLED
Uncontrolled term პირის ღრუს მორფოგენეზის ბიოქიმიური საფუძვლები
653 ## - INDEX TERM--UNCONTROLLED
Uncontrolled term კბილების მორფოგენეზის ბიოქიმიური საფუძვლები
700 ## - ADDED ENTRY--PERSONAL NAME
Personal name მენაბდე, გ.
Relator term რედაქტორი
9 (RLIN) 2611
700 ## - ADDED ENTRY--PERSONAL NAME
Personal name მარგველაშვილი, ვ.
Relator term რედაქტორი
9 (RLIN) 2612
942 ## - ADDED ENTRY ELEMENTS (KOHA)
Koha item type წიგნი
Source of classification or shelving scheme
ეგზემპლარები
ჩამოწერის სტატუსი დაკარგული ეგზემპლარის სტატუსი კლასიფიკაციის წყარო ან თაროზე გაწყობის სქემა დაზიანების სტატუსი არ გაიცემა მუდმივი მდებარეობა (დაცვის ადგილი) ამჟამინდელი ადგილსამყოფელი თაროზე განთავსების ადგილი შეძენის თარიღი სრული შენახვის შიფრი შტრიხკოდი ბოლო ოპერაციის თარიღი ეგზემპლარის მიმდევრობითი ნომერი (კეტერი?) ფასის ძალაში შესვლის თარიღი ეგზემპლარის სახეობა საჯარო შენიშვნა
          ბათუმის შოთა რუსთაველის სახელმწიფო უნივერსიტეტის მთავარი ბიბლიოთეკა ბათუმის შოთა რუსთაველის სახელმწიფო უნივერსიტეტის მთავარი ბიბლიოთეკა წიგნსაცავი 2018-12-17 616.31(075.8) ა–47 5006 2018-12-17 5006 2018-12-17 წიგნი